Vplyv makroekonomického prostredia na objem vkladov domácností v bankovom sektore SR bakalárska práca

Enregistré dans:
Détails bibliographiques
Auteur principal: Kročková, Ivana
Collectivité auteur: Národohospodárska fakulta EU. Katedra bankovníctva a medzinárodných financií
Autres auteurs: Gernát, Peter
Format: Livre
Langue:slovaque
Publié: Bratislava 2020
Tags: Ajouter un tag
Pas de tags, Soyez le premier à ajouter un tag!

MARC

LEADER 00000nbm a2200000 4500
001 0265563
005 20200807090902.6
041 0 |a slo 
044 |a SK 
245 1 0 |a Vplyv makroekonomického prostredia na objem vkladov domácností v bankovom sektore SR  |b bakalárska práca  |c Ivana Kročková ; školiteľ: Peter Gernát 
264 1 |a Bratislava  |c 2020 
300 |a 43 s. 
100 1 |a Kročková, Ivana 
700 1 |a Gernát, Peter 
710 2 |a Národohospodárska fakulta EU. Katedra bankovníctva a medzinárodných financií